| 000 | 00602nam a22002177a 4500 | ||
|---|---|---|---|
| 005 | 20170124110105.0 | ||
| 010 | _aA-716361 | ||
| 020 |
_c00.00 _a8121405602 |
||
| 035 | _aA-716361 | ||
| 037 | _bCen Lib/Ret | ||
| 040 |
_aDPL _bEN |
||
| 082 |
_aN _bHAR |
||
| 100 |
_aHarinder Singh _927848 |
||
| 245 |
_aImaginations wild / _cby Harinder Singh |
||
| 260 |
_aNew Delhi _bNational Publishing House _c1994 |
||
| 270 |
_bNew Delhi _a23, darya ganj _e110002 |
||
| 300 |
_a279p. _c19cm(Hb) |
||
| 650 |
_aLiterature -- fiction _986389 |
||
| 650 |
_aEnglish Novel _914422 |
||
| 942 |
_2ddc _cEN _hN _mHAR |
||
| 999 |
_c129941 _d129941 |
||